Представление документа в формате RUSMARC

Поле Инд. ПП Название Значение
Тип записи a
Библиографический уровень a
001 Контрольный номер 6539c9bec1ae4f1aa752b08c591fa6da
005 Дата корректировки 20230330124310.5
100 a Данные общей обработки 20190404 ||| 0rusy0189 ca
101 0_ a Язык текста rus
102 a Страна публикации RU
200 1_ f Первые сведения об ответственности Г.Н. Эйриян
a Заглавие Иски об установлении границ земельного участка
b Общее обозначение материала Текст
210 1_ d Дата издания 2019
461 _0 1 2000
a Хозяйство и право
463 _0 1 2000
a № 3
v С. 95-111
1 2101
d 2019
1 001facead6a954440fb9d1b60fe6a69879b
606 a Основная рубрика Природоресурсное право. Природоохранительное право
610 0_ a Ключевые слова ЗЕМЕЛЬНОЕ ПРАВО
a Ключевые слова ЗЕМЛЕПОЛЬЗОВАНИЕ
a Ключевые слова ЗЕМЕЛЬНЫЕ СПОРЫ
700 _1 a Фамилия Эйриян
b Имя Г.Н.
801 _0 a Страна RU
b Организация РГУП
c Дата составления 20190404
g Правила каталогизации PSBO
801 _1 a Страна RU
b Организация РГУП
c Дата составления 20190404
g Правила каталогизации PSBO
901 t Тип документа b
w Контрольный № источника facead6a954440fb9d1b60fe6a69879b
905 a Дата ввода 20190404